What's Missing? (Harry Potter) Quiz Stats

 Plays Quiz Updated Jul 10, 2012

Support Sporcle.
Go Orange.
Score 0/20 Timer 05:00
4 Plays Today
Group Missing Item % Correct
Hufflepuff, Gryffindor, SlytherinRavenclaw
98.3%
Harry Potter, Fleur Delacour, Cedric DiggoryViktor Krum
93.1%
Chaser, Seeker, BeaterKeeper
85.2%
Bloody Baron, Grey Lady, Fat FriarNearly Headless Nick
80.9%
Errol, Hermes, PigwidgeonHedwig
77.3%
Wormtail, Moony, ProngsPadfoot
77.2%
Ron, Bill, Percy, Ginny, Fred, GeorgeCharlie
72.6%
Dobby, Hokey, WinkyKreacher
69.9%
Umbridge, Quirrell, Snape, Amycus Carrow, Lupin, MoodyGilderoy Lockhart
68.9%
Snitch, Bludger (2x)Quaffle
68.3%
Group Missing Item % Correct
Elder Wand, Invisibility CloakResurrection Stone
67.1%
Ring, Locket, Cup, Nagini, Diary, Harry PotterDiadem
65%
Killing Curse, Cruciatus CurseImperius Curse
61.5%
Pius Thicknesse, Kingsley Shacklebolt, Rufus ScrimgeourCornelius Fudge
61.2%
McGonagall, Snape, FlitwickProfessor Sprout
59.4%
Fluffy, Aragog, Norbert(a), BuckbeakFang
52.7%
Potions, Transfiguration, Herbology, Defense Against the Dark ArtsCharms
51.1%
Ronan, Bane, MagorianFirenze
43.8%
Madame Maxime, Albus Dumbledore, Igor Karkaroff, Barty CrouchLudo Bagman
38.7%
Pettigrew, McGonagall, J. Potter, BlackRita Skeeter
36%

You're not logged in!

Compare scores with friends on all Sporcle quizzes.
OR
Log In
Forgot?

From the Vault

Famous -son Surnames II

by BanjoZebra

These -son's (and daughters) must have some proud parents.
Remove Ads.
Support Sporcle.
Get the best of Sporcle when you Go Orange. This ad-free experience offers more features, more stats, and more fun while also helping to support Sporcle. Thank you for becoming a member.

Show Comments

Extras

Top Quizzes Today


Score Distribution

Your Account Isn't Verified!

In order to create a playlist on Sporcle, you need to verify the email address you used during registration. Go to your Sporcle Settings to finish the process.

Report this User

Report this user for behavior that violates our Community Guidelines.

Details: